Biblioteca

Redes familiares / Ross V. Speck, Carolyn L. Attneave ; Leandro Wolfson, Traductor (Registro nro. 32580)

Detalles MARC
000 -LÍDER
Campo fijo de descripción fija 008790000a22001930004500
041 0# - CÓDIGO DE IDIOMA
Código de idioma para texto/pista de sonido o título separado
082 04 - NÚMERO DE CLASIFICACIÓN DECIMAL DEWEY
Número de clasificación G 173 S7418r
001 - NÚMERO DE CONTROL
Campo de control 1257
100 1# - ASIENTO PRINCIPAL--NOMBRE PERSONAL
Nombre personal Speck, Ross V.
245 10 - TÍTULO
Título del Material Redes familiares / Ross V. Speck, Carolyn L. Attneave ; Leandro Wolfson, Traductor
260 ## - PUBLICACIÓN, DISTRIBUCIÓN, ETC. (PIE DE IMPRENTA)
Lugar de publicación, distribución, etc. Buenos Aires, Argentina : Amorrortu
300 ## - DESCRIPCIÓN FÍSICA
Extensión 156 Pag.
336 ## - CONTENT TYPE
Content type term texto
Content type code txt
Source rdacontent
337 ## - MEDIA TYPE
Source rdamedia
Media type term sin mediación
Media type code n
338 ## - CARRIER TYPE
Source rdacarrier
Carrier type term volumen
Carrier type code nc
505 00 - NOTA DE CONTENIDO
Nota de contenido con formato preestablecido El efecto de red -- las fases del efecto de red -- los preparativos para la mediación en una res -- el período intermedio entre sesiones -- la mediación en una sesión única -- trascripción de una asamblea de red -- apéndice. Técnicas de consulta y capacitación para asambleas de redes sociales
650 14 - ASIENTO SECUNDARIO DE MATERIA - TERMINO TEMÁTICO
Término temático o nombre geográfico como elemento de entrada TRABAJO SOCIAL FAMILIAR \ PSICOTERAPIA FAMILIAR \ TRABAJO SOCIAL DE GRUPO
942 ## - TIPO DE MATERIAL (KOHA)
Tipo de Item KOHA Libros General
Existencias
Estado de Material Estado de Perdido Estado de Dañado No para Préstamo Colección Tomo Biblioteca de Origen Biblioteca Permanente Fecha de Adquisición Total de Préstamos Signatura Topográfica Código de Barras Última vez visto Ejemplar/Existencia Fecha de Remplazo Tipo de Material
        Colección General   Biblioteca FUSBC Biblioteca FUSBC 12/10/2004   G 173 S7418r 732 12/12/2019 1 26/01/2016 Libros General

Biblioteca FUSBC | Teléfono: (57+4) 349 88 10 Ext. 141| WhatsApp (+57) 3005338115 
E-mail: biblioteca@unisbc.edu.co | Calle 76 87-14 Robledo Palenque, Medellín, Colombia

Con tecnología Koha